000
00156nam a22000857a 4500
082
_a
823
100
_a
EMILY HUTTA
245
_a
ALICE IN WONDERLAND
942
_c
BK
999
_c
8399
_d
8399